Normal view
MARC view
Entry Corporate Name
001 - CONTROL NUMBER
- control field: 261969
003 - CONTROL NUMBER IDENTIFIER
- control field: MY-SjTCS
005 - DATE AND TIME OF LATEST TRANSACTION
- control field: 20200306165224.0
008 - FIXED-LENGTH DATA ELEMENTS
- fixed length control field: 200306|| aca||aabn | a|a d
040 ## - CATALOGING SOURCE
- Original cataloging agency: MY-SjTCS
- Transcribing agency: MY-SjTCS
110 ## - HEADING--CORPORATE NAME
- Corporate name or jurisdiction name as entry element: National Geophysical Data Center.
670 ## - SOURCE DATA FOUND
- Source citation: Work cat.: (MY-SjTCS)53791: National Research Council (U.S.). Committee to Review NOAA's National Geophysical Data Center. 261968, Review of NOAA's National Geophysical Data Center, 2003.